00701nam a2200181 a 450000100100000000500170001000800410002702000180006804000250008610000350011124501460014626000430029230000200033550000730035550000420042850000190047050400300048900003845420201002031250.0130411s2011 dr 000 0 spa d a9789993480129 aDO-SdBNPbspacBNPHU1 aCivolani Hischnjakow, Katerina10aVidas suspendidas :befectos de la resolución 012-07 en la población dominicana de ascendencia haitiana /cKaterina Civolani Hischnjakow. aSanto Domingo :bCentro Bonó,c2011. a87 p. ;c24 cm. aIncluye datos biográficos de la autora en la solapa de la cubierta aIncluye notas al pie de las páginas aIncluye anexos aBibliografía : p. 79-80